Giáo trình thực hành PLC : Sách dùng trong các trường THCN /
Сохранить в:
| Главный автор: | |
|---|---|
| Другие авторы: | |
| Формат: | Sách giấy |
| Язык: | Vietnamese |
| Опубликовано: |
H. :
NXB. Hà nội,
2007.
|
| Предметы: | |
| Метки: |
Добавить метку
Нет меток, Требуется 1-ая метка записи!
|
| Thư viện lưu trữ: | Thư viện Trường Đại học Đà Lạt |
|---|
| LEADER | 00973nam a2200361 4500 | ||
|---|---|---|---|
| 001 | DLU090065617 | ||
| 005 | ##20090407 | ||
| 040 | # | # | |a DLU |b vie |
| 041 | # | # | |a vie |
| 044 | # | # | |a vn |
| 082 | # | # | |a 629.8 |b LE-B |
| 100 | # | # | |a Lê Đình Bình. |
| 245 | # | # | |a Giáo trình thực hành PLC : |b Sách dùng trong các trường THCN / |c Lê Đình Bình, Vũ Ngọc Vượng. |
| 260 | # | # | |a H. : |b NXB. Hà nội, |c 2007. |
| 300 | # | # | |a 142 tr. : |b minh hoạ ; |c 24 cm. |
| 504 | # | # | |a Tài liệu tham khảo: tr. 140. |
| 653 | # | # | |a Điều khiển logic |
| 653 | # | # | |a Giáo trình |
| 653 | # | # | |a Hệ thống điều khiển |
| 653 | # | # | |a Mạch logic |
| 653 | # | # | |a Thiết bị điều khiển |
| 700 | # | # | |a Vũ Ngọc Vượng. |
| 923 | # | # | |a 23/2008 |
| 991 | # | # | |a GT |
| 992 | # | # | |a 19500 |
| 994 | # | # | |a DLU |
| 900 | # | # | |a True |
| 911 | # | # | |a Đào Thị Thu Huyền |
| 925 | # | # | |a G |
| 926 | # | # | |a A |
| 927 | # | # | |a SH |
| 980 | # | # | |a Thư viện Trường Đại học Đà Lạt |